[Event "17. Obert Int. Sant Marti 2015 - B"]
[Site "Barcelona ESP"]
[Date "2015.07.16"]
[Round "4.32"]
[White "Gonzalez Alonso, Marti"]
[Black "Raisin, Maxime"]
[Result "0-1"]
[WhiteElo "1949"]
[BlackElo "1777"]
[PlyCount "124"]
[EventDate "2015.07.13"]
[EventType "swiss"]
[EventRounds "9"]
[EventCountry "ESP"]
[SourceTitle "Ajedrez en Madrid"]
[Source "lmi"]
[SourceDate "2015.07.13"]
[SourceVersion "1"]
[SourceVersionDate "2019.06.21"]
[SourceQuality "1"]

1. e4 e6 2. d4 d5 3. exd5 exd5 4. Nf3 Nf6 5. Bd3 Bg4 6. O-O Be7 7. Bg5 Nc6 8.
c3 Qd6 9. Nbd2 O-O-O 10. Re1 h6 11. Bh4 Rde8 12. Qc2 Kb8 13. Ne5 Be6 14. Bg3
Qd8 15. Bb5 Nxe5 16. Bxe8 Nxe8 17. Bxe5 Qd7 18. Nf3 f6 19. Bg3 g5 20. Re3 h5
21. Rae1 Ng7 22. Qg6 Bd8 23. h3 Bf5 24. Re7 Qxe7 25. Rxe7 Bxg6 26. Rxg7 Bf5 27.
Rf7 Be4 28. Nd2 Bd3 29. f3 h4 30. Bf2 Kc8 31. Nb3 Rg8 32. Nc5 Bg6 33. Rd7 b6
34. Rxd5 bxc5 35. Rxc5 Re8 36. d5 Be7 37. Ra5 Bd6 38. Rxa7 Kd7 39. c4 Bg3 40.
c5 Re2 41. Bxg3 hxg3 42. Kf1 Bd3 43. Ra3 Re3+ 44. Rxd3 Rxd3 45. d6 cxd6 46.
cxd6 Kxd6 47. Ke2 Rd5 48. f4 gxf4 49. Kf3 Ke5 50. a4 Rd2 51. b4 Rd4 52. a5 Rxb4
53. h4 Ra4 54. Kg4 Rxa5 55. h5 Ra8 56. h6 Rh8 57. Kf3 Rxh6 58. Kg4 Rh2 59. Kf3
Kf5 60. Ke2 Ke4 61. Kf1 Ke3 62. Kg1 f5 0-1

[Event "17. Obert Int. Sant Marti 2015 - B"]
[Site "Barcelona ESP"]
[Date "2015.07.16"]
[Round "4.33"]
[White "Guinjoan Fradera, Joan"]
[Black "Hinarejos Montano, Andres"]
[Result "0-1"]
[WhiteElo "1726"]
[BlackElo "1854"]
[PlyCount "64"]
[EventDate "2015.07.13"]
[EventType "swiss"]
[EventRounds "9"]
[EventCountry "ESP"]
[SourceTitle "Ajedrez en Madrid"]
[Source "lmi"]
[SourceDate "2015.07.13"]
[SourceVersion "1"]
[SourceVersionDate "2019.06.21"]
[SourceQuality "1"]

1. e4 e5 2. Nf3 d6 3. d4 exd4 4. Nxd4 Be7 5. Nc3 Nf6 6. Be2 O-O 7. O-O h6 8. f4
c5 9. Nf3 Nh7 10. Nd5 Bf6 11. c3 Be6 12. h3 Nc6 13. Nh2 Ne7 14. c4 Nxd5 15.
exd5 Bf5 16. Bd3 Qc8 17. Qc2 Bxd3 18. Qxd3 Re8 19. Ng4 Bd4+ 20. Kh1 f5 21. Nh2
Re4 22. Nf3 Bf6 23. Rb1 Qd7 24. Bd2 Rae8 25. Rfe1 Nf8 26. Ng1 Ng6 27. g3 Rxe1
28. Bxe1 Re4 29. Bc3 Bxc3 30. Qxc3 Qe7 31. Rd1 Re3 32. Rd3 Qe4+ 0-1

[Event "17. Obert Int. Sant Marti 2015 - B"]
[Site "Barcelona ESP"]
[Date "2015.07.16"]
[Round "4.34"]
[White "Domenche Redondo, Francesc"]
[Black "Minko, Olga"]
[Result "1/2-1/2"]
[WhiteElo "1947"]
[BlackElo "1559"]
[PlyCount "41"]
[EventDate "2015.07.13"]
[EventType "swiss"]
[EventRounds "9"]
[EventCountry "ESP"]
[SourceTitle "Ajedrez en Madrid"]
[Source "lmi"]
[SourceDate "2015.07.13"]
[SourceVersion "1"]
[SourceVersionDate "2019.06.21"]
[SourceQuality "1"]

1. d4 d5 2. Nf3 Nf6 3. e3 e6 4. Bd3 c5 5. b3 a6 6. Bb2 b5 7. c3 Bb7 8. Nbd2
Nbd7 9. O-O Bd6 10. Rc1 O-O 11. c4 dxc4 12. bxc4 cxd4 13. Nxd4 Ne5 14. Be2 bxc4
15. Nxc4 Nxc4 16. Bxc4 Rc8 17. Qb3 Qd7 18. Rfd1 Qe7 19. Qa4 Be5 20. Ba3 Qe8 21.
Qb3 1/2-1/2

[Event "17. Obert Int. Sant Marti 2015 - B"]
[Site "Barcelona ESP"]
[Date "2015.07.16"]
[Round "4.35"]
[White "Febrero Perez, Lluis"]
[Black "De La Fuente  Clemente, Constantino"]
[Result "0-1"]
[WhiteElo "1787"]
[BlackElo "2043"]
[PlyCount "98"]
[EventDate "2015.07.13"]
[EventType "swiss"]
[EventRounds "9"]
[EventCountry "ESP"]
[SourceTitle "Ajedrez en Madrid"]
[Source "lmi"]
[SourceDate "2015.07.13"]
[SourceVersion "1"]
[SourceVersionDate "2019.06.21"]
[SourceQuality "1"]

1. e4 e5 2. Nf3 Nf6 3. Nc3 Nc6 4. Bb5 d6 5. d4 Bd7 6. Bxc6 Bxc6 7. d5 Bd7 8.
Bg5 h6 9. Bxf6 gxf6 10. Qd3 Rg8 11. g3 Be7 12. Qe3 Bf8 13. Nh4 f5 14. f4 fxe4
15. fxe5 dxe5 16. Qxe4 Bd6 17. Nf3 Qe7 18. O-O-O O-O-O 19. Qe3 Kb8 20. Qxh6 Bg4
21. Rd3 e4 22. Re3 Bxf3 23. Rf1 Qg5 24. Qxg5 Rxg5 25. Nxe4 Bxe4 26. Rxe4 Rxd5
27. c4 Rh5 28. Re2 Rh7 29. Rf3 Kc8 30. Ref2 Rf8 31. Kc2 Bc5 32. Re2 f6 33. g4
Re7 34. Rd2 Re4 35. Rd5 Rxc4+ 36. Kd3 b5 37. b3 c6 38. bxc4 cxd5 39. cxb5 Kd7
40. h3 Ke6 41. a4 Rg8 42. Rf5 Bd6 43. Kd4 Be5+ 44. Kc5 Rc8+ 45. Kb4 Rc4+ 46.
Ka5 Bc7+ 47. b6 Bxb6+ 48. Kb5 Rc3 49. a5 Rc5+ 0-1

[Event "17. Obert Int. Sant Marti 2015 - B"]
[Site "Barcelona ESP"]
[Date "2015.07.16"]
[Round "4.36"]
[White "Tortosa Moros, Joan"]
[Black "Martinez Talavera, Jordi"]
[Result "1/2-1/2"]
[WhiteElo "1911"]
[BlackElo "2008"]
[PlyCount "67"]
[EventDate "2015.07.13"]
[EventType "swiss"]
[EventRounds "9"]
[EventCountry "ESP"]
[SourceTitle "Ajedrez en Madrid"]
[Source "lmi"]
[SourceDate "2015.07.13"]
[SourceVersion "1"]
[SourceVersionDate "2019.06.21"]
[SourceQuality "1"]

1. e4 e6 2. d4 d5 3. Nc3 Bb4 4. e5 Ne7 5. Qg4 Ng6 6. h4 h5 7. Qg3 Nd7 8. Bd3
Ndf8 9. Bg5 Be7 10. Bxe7 Qxe7 11. Nge2 a6 12. f4 c6 13. a3 b5 14. b4 a5 15. Na2
axb4 16. Bxg6 Nxg6 17. Nxb4 c5 18. dxc5 Qxc5 19. Rd1 Bb7 20. Nd4 O-O 21. O-O
Ne7 22. Kh2 Nf5 23. Nxf5 exf5 24. Qd3 g6 25. Nxd5 Rxa3 26. Nf6+ Kg7 27. Qd6
Qxc2 28. Rd2 Qb3 29. Nxh5+ gxh5 30. Qf6+ Kh7 31. Qxf5+ Kg7 32. Qg5+ Kh7 33.
Qxh5+ Kg7 34. Qg5+ 1/2-1/2

[Event "17. Obert Int. Sant Marti 2015 - B"]
[Site "Barcelona ESP"]
[Date "2015.07.16"]
[Round "4.37"]
[White "Pascual Duran, Pau"]
[Black "Canela Gimenez, M|_ Concepción"]
[Result "0-1"]
[WhiteElo "1897"]
[BlackElo "1959"]
[PlyCount "52"]
[EventDate "2015.07.13"]
[EventType "swiss"]
[EventRounds "9"]
[EventCountry "ESP"]
[SourceTitle "Ajedrez en Madrid"]
[Source "lmi"]
[SourceDate "2015.07.13"]
[SourceVersion "1"]
[SourceVersionDate "2019.06.21"]
[SourceQuality "1"]

1. e4 d5 2. exd5 Qxd5 3. Nc3 Qa5 4. d4 Nf6 5. Bd3 Bg4 6. f3 Bh5 7. Nge2 Nc6 8.
O-O O-O-O 9. Be3 Bg6 10. a3 Bxd3 11. Qxd3 e6 12. b4 Qf5 13. Ne4 Bd6 14. c4 Be5
15. b5 Nxd4 16. Bxd4 Bxd4+ 17. Nxd4 Qe5 18. Rad1 Rd7 19. Rf2 Rhd8 20. Rfd2 Rxd4
21. Qxd4 Rxd4 22. Rxd4 b6 23. Rd8+ Kb7 24. Re1 Nxe4 25. fxe4 Qc5+ 26. Kh1 Qxc4
0-1

[Event "17. Obert Int. Sant Marti 2015 - B"]
[Site "Barcelona ESP"]
[Date "2015.07.16"]
[Round "4.38"]
[White "Cano Vila, Eduard"]
[Black "Subirana Santos, Marc"]
[Result "0-1"]
[WhiteElo "1804"]
[BlackElo "1949"]
[PlyCount "36"]
[EventDate "2015.07.13"]
[EventType "swiss"]
[EventRounds "9"]
[EventCountry "ESP"]
[SourceTitle "Ajedrez en Madrid"]
[Source "lmi"]
[SourceDate "2015.07.13"]
[SourceVersion "1"]
[SourceVersionDate "2019.06.21"]
[SourceQuality "1"]

1. e4 g6 2. d4 Bg7 3. Nc3 a6 4. Nf3 d6 5. Be3 Nd7 6. Be2 Ngf6 7. h3 b5 8. b4
Bb7 9. Bd3 O-O 10. O-O Nb6 11. Nd2 Rc8 12. f4 e6 13. f5 Nbd7 14. a3 c5 15. bxc5
dxc5 16. dxc5 Nxc5 17. Bxc5 Rxc5 18. Nb3 Rxc3 0-1

[Event "17. Obert Int. Sant Marti 2015 - B"]
[Site "Barcelona ESP"]
[Date "2015.07.16"]
[Round "4.39"]
[White "Llopis Jordan, Lluis"]
[Black "Martinez Ferrer, Rafael"]
[Result "0-1"]
[WhiteElo "1936"]
[BlackElo "1930"]
[PlyCount "80"]
[EventDate "2015.07.13"]
[EventType "swiss"]
[EventRounds "9"]
[EventCountry "ESP"]
[SourceTitle "Ajedrez en Madrid"]
[Source "lmi"]
[SourceDate "2015.07.13"]
[SourceVersion "1"]
[SourceVersionDate "2019.06.21"]
[SourceQuality "1"]

1. d4 d5 2. c4 c6 3. Nc3 Nf6 4. Bg5 e6 5. e3 Be7 6. Nf3 Qb6 7. Qc2 Nbd7 8. a3
Qa5 9. Nd2 a6 10. c5 e5 11. b4 Qc7 12. Be2 Nf8 13. O-O Ng6 14. Na4 h6 15. Bxf6
Bxf6 16. Bh5 Ne7 17. Nb6 Rb8 18. Nb3 Bf5 19. Qc3 O-O 20. a4 g6 21. Be2 Be6 22.
b5 cxb5 23. axb5 Nf5 24. bxa6 bxa6 25. Bxa6 Rxb6 26. Qa5 Rc6 27. Qc3 exd4 28.
exd4 Qf4 29. Rfd1 Nd6 30. Qa5 Ne4 31. Bb7 Rc7 32. c6 Qxf2+ 33. Kh1 Bd8 34. Qe1
Qf4 35. Ra2 Re7 36. Rd3 Bg4 37. h3 Bc7 38. g3 Nxg3+ 39. Qxg3 Qf1+ 40. Qg1 Qxd3
0-1

[Event "17. Obert Int. Sant Marti 2015 - B"]
[Site "Barcelona ESP"]
[Date "2015.07.16"]
[Round "4.40"]
[White "Ylla Soro, Rafael"]
[Black "Roche Peris, Eduard"]
[Result "0-1"]
[WhiteElo "1811"]
[BlackElo "1958"]
[PlyCount "102"]
[EventDate "2015.07.13"]
[EventType "swiss"]
[EventRounds "9"]
[EventCountry "ESP"]
[SourceTitle "Ajedrez en Madrid"]
[Source "lmi"]
[SourceDate "2015.07.13"]
[SourceVersion "1"]
[SourceVersionDate "2019.06.21"]
[SourceQuality "1"]

1. e4 c5 2. Nc3 Nc6 3. g3 e6 4. Bg2 Nf6 5. Nge2 d5 6. exd5 exd5 7. d3 Be7 8.
Bg5 Be6 9. Nf4 O-O 10. O-O Bg4 11. f3 Be6 12. Nxe6 fxe6 13. Re1 e5 14. f4 d4
15. Ne4 Nxe4 16. Bxe7 Nxe7 17. Rxe4 exf4 18. Qe1 Nd5 19. gxf4 Nxf4 20. Re7 Nxg2
21. Qe6+ Kh8 22. Qe5 Rf6 23. Kxg2 Qf8 24. Qe2 Rf2+ 25. Qxf2 Qxe7 26. Re1 Qd7
27. Qe2 h6 28. Qe4 Rf8 29. Re2 Qf7 30. Re1 Qf2+ 31. Kh1 b6 32. Qe2 Qf7 33. b3
b5 34. a3 a5 35. Kg1 Qg6+ 36. Qg2 Qf5 37. Rf1 Qxf1+ 38. Qxf1 Rxf1+ 39. Kxf1 Kg8
40. Ke2 Kf7 41. Kf3 Ke6 42. Kf4 g6 43. h4 Kd5 44. Kf3 Ke5 45. Kg4 Kf6 46. Kf4
g5+ 47. Kg4 Kg6 48. hxg5 hxg5 49. Kf3 Kf5 50. Kf2 Kf4 51. Kg1 Ke3 0-1

[Event "17. Obert Int. Sant Marti 2015 - B"]
[Site "Barcelona ESP"]
[Date "2015.07.16"]
[Round "4.41"]
[White "Llige Porta, Joan"]
[Black "Serentill Tost, Eduard"]
[Result "1-0"]
[WhiteElo "1959"]
[BlackElo "1808"]
[PlyCount "123"]
[EventDate "2015.07.13"]
[EventType "swiss"]
[EventRounds "9"]
[EventCountry "ESP"]
[SourceTitle "Ajedrez en Madrid"]
[Source "lmi"]
[SourceDate "2015.07.13"]
[SourceVersion "1"]
[SourceVersionDate "2019.06.21"]
[SourceQuality "1"]

1. d4 Nf6 2. Nf3 g6 3. Bf4 Bg7 4. e3 Nh5 5. Bg5 d6 6. c3 b6 7. Bd3 Bb7 8. Nbd2
c5 9. O-O O-O 10. h3 Nd7 11. Be2 Nhf6 12. Bf4 Ne4 13. Nxe4 Bxe4 14. Nd2 Bb7 15.
Bh2 e5 16. dxe5 Nxe5 17. Nf3 Bxf3 18. Bxf3 Nxf3+ 19. Qxf3 Qe7 20. Rad1 Rad8 21.
Rd5 Be5 22. Rfd1 Bxh2+ 23. Kxh2 Rd7 24. R1d3 f5 25. Qf4 Rf6 26. Qc4 Kg7 27. Kg1
Re6 28. Qb5 Kf8 29. Qc6 Ke8 30. a3 Kf7 31. Rd2 Rc7 32. Qb5 Qd7 33. Qb3 Ke7 34.
Qc4 b5 35. Qf4 c4 36. Qd4 Rc6 37. Qh8 h5 38. Qg7+ Kd8 39. Qf8+ Kc7 40. Rxb5 Rb6
41. Rxb6 axb6 42. Qa8 b5 43. Rd5 Re5 44. Qa7+ Kc6 45. Qxd7+ Kxd7 46. Rxe5 dxe5
47. Kf1 Kd6 48. Ke2 g5 49. g3 g4 50. hxg4 hxg4 51. Kd2 Kd5 52. Kd1 Ke4 53. Ke2
Kd5 54. f3 e4 55. fxg4 fxg4 56. Kd2 Kc5 57. Kc2 Kb6 58. b3 Ka5 59. Kb2 Kb6 60.
a4 Ka5 61. axb5 Kxb5 62. bxc4+ 1-0

[Event "17. Obert Int. Sant Marti 2015 - B"]
[Site "Barcelona ESP"]
[Date "2015.07.16"]
[Round "4.42"]
[White "Pera Muntasell, Marc"]
[Black "Valero Recalde, Pablo"]
[Result "1-0"]
[WhiteElo "1958"]
[BlackElo "1800"]
[PlyCount "101"]
[EventDate "2015.07.13"]
[EventType "swiss"]
[EventRounds "9"]
[EventCountry "ESP"]
[SourceTitle "Ajedrez en Madrid"]
[Source "lmi"]
[SourceDate "2015.07.13"]
[SourceVersion "1"]
[SourceVersionDate "2019.06.21"]
[SourceQuality "1"]

1. e4 Nf6 2. e5 Nd5 3. d4 d6 4. c4 Nb6 5. exd6 cxd6 6. b3 g6 7. Bb2 Bg7 8. Nf3
O-O 9. Be2 Bf5 10. O-O Nc6 11. Re1 Re8 12. Nbd2 Nb4 13. Rf1 Bc2 14. Qc1 Bd3 15.
Qd1 Bxe2 16. Qxe2 Nd7 17. a3 Nc6 18. Rac1 a6 19. Rfd1 Rb8 20. Nf1 e5 21. dxe5
Ndxe5 22. Nxe5 Bxe5 23. Bxe5 Rxe5 24. Qd3 Re6 25. Ng3 Qe7 26. Qd2 Re8 27. Kf1
f5 28. b4 Ne5 29. f4 b5 30. fxe5 Rxe5 31. cxb5 axb5 32. Re1 Qh4 33. Rxe5 Rxe5
34. Re1 Qxh2 35. Rxe5 dxe5 36. Qd5+ Kg7 37. Qxe5+ Kf7 38. Kf2 Qh4 39. Kf3 Qg4+
40. Kf2 Qc4 41. Ne2 Qh4+ 42. Qg3 Qc4 43. Qf4 Qc2 44. Qd4 Qc6 45. Qh8 h5 46.
Qh7+ Kf6 47. Qh8+ Kf7 48. Qe5 Qc4 49. Qd4 Qc6 50. Nc3 Kf8 51. Qc5+ 1-0

[Event "17. Obert Int. Sant Marti 2015 - B"]
[Site "Barcelona ESP"]
[Date "2015.07.16"]
[Round "4.43"]
[White "Vidal Moll, Francesc"]
[Black "Valbuena Castro, Gregorio"]
[Result "0-1"]
[WhiteElo "1791"]
[BlackElo "1944"]
[PlyCount "36"]
[EventDate "2015.07.13"]
[EventType "swiss"]
[EventRounds "9"]
[EventCountry "ESP"]
[SourceTitle "Ajedrez en Madrid"]
[Source "lmi"]
[SourceDate "2015.07.13"]
[SourceVersion "1"]
[SourceVersionDate "2019.06.21"]
[SourceQuality "1"]

1. d4 c5 2. e3 Nf6 3. Bd3 d5 4. f4 Nc6 5. c3 Bg4 6. Nf3 e6 7. Nbd2 Bd6 8. Nf1
Ne4 9. Qc2 Bxf3 10. gxf3 Qh4+ 11. Ke2 Qf2+ 12. Kd1 Qxf3+ 13. Ke1 Qxh1 14. Qb3
Rb8 15. dxc5 Bxc5 16. Bb5 O-O 17. Bd2 Qf3 18. Ng3 Qf2+ 0-1

[Event "17. Obert Int. Sant Marti 2015 - B"]
[Site "Barcelona ESP"]
[Date "2015.07.16"]
[Round "4.44"]
[White "Poyato Duran, David"]
[Black "Palomero Galvez, Antoni"]
[Result "1-0"]
[WhiteElo "1931"]
[BlackElo "1762"]
[PlyCount "61"]
[EventDate "2015.07.13"]
[EventType "swiss"]
[EventRounds "9"]
[EventCountry "ESP"]
[SourceTitle "Ajedrez en Madrid"]
[Source "lmi"]
[SourceDate "2015.07.13"]
[SourceVersion "1"]
[SourceVersionDate "2019.06.21"]
[SourceQuality "1"]

1. d4 d5 2. c4 c6 3. Nc3 Nf6 4. Nf3 e6 5. Bg5 Nbd7 6. e3 h6 7. Bh4 Be7 8. Bd3
dxc4 9. Bxc4 b5 10. Bd3 Bb7 11. O-O b4 12. Ne4 g5 13. Bg3 Nxe4 14. Bxe4 Nf6 15.
Bc2 a5 16. Rc1 a4 17. Bxa4 Rc8 18. Ne5 O-O 19. Nxc6 Bxc6 20. Rxc6 Qd5 21. Rxc8
Rxc8 22. Bb3 Qe4 23. Qd2 Nh5 24. Rc1 Rxc1+ 25. Qxc1 Nxg3 26. hxg3 h5 27. Bc2
Qb7 28. Qd1 g4 29. Qd3 f5 30. Bb3 Qc6 31. Qxf5 1-0

[Event "17. Obert Int. Sant Marti 2015 - B"]
[Site "Barcelona ESP"]
[Date "2015.07.16"]
[Round "4.45"]
[White "Buisan Arnau, Oriol"]
[Black "Fuentes Barrientos, Carlos"]
[Result "0-1"]
[WhiteElo "1756"]
[BlackElo "1916"]
[PlyCount "90"]
[EventDate "2015.07.13"]
[EventType "swiss"]
[EventRounds "9"]
[EventCountry "ESP"]
[SourceTitle "Ajedrez en Madrid"]
[Source "lmi"]
[SourceDate "2015.07.13"]
[SourceVersion "1"]
[SourceVersionDate "2019.06.21"]
[SourceQuality "1"]

1. e4 d5 2. exd5 Nf6 3. Nc3 Nxd5 4. Bc4 Nb6 5. Bb3 Bf5 6. d3 e6 7. Be3 Nc6 8.
a3 Nd4 9. Bxd4 Qxd4 10. Qf3 Bg4 11. Qe4 Bc5 12. Qxd4 Bxd4 13. f3 Bxc3+ 14. bxc3
Bf5 15. Ne2 O-O-O 16. O-O-O Nd5 17. Bxd5 Rxd5 18. c4 Ra5 19. Kb2 Rd8 20. Ra1 b5
21. cxb5 Rxb5+ 22. Kc3 e5 23. Ng3 Bg6 24. Rhe1 Rd6 25. Rab1 Rc6+ 26. Kd2 Rbc5
27. Rb2 f6 28. Reb1 Kd7 29. Ne4 Bxe4 30. dxe4 Rc3 31. Ra1 a5 32. Raa2 R3c4 33.
Rb5 Rd6+ 34. Ke3 Rdc6 35. Kd2 Rd6+ 36. Ke3 Rdc6 37. Kd2 Rd4+ 38. Ke3 Rc3+ 39.
Ke2 a4 40. h3 Ke6 41. Rb4 f5 42. exf5+ Kxf5 43. g3 g5 44. Rxd4 exd4 45. Kd2
Rxf3 0-1

[Event "17. Obert Int. Sant Marti 2015 - B"]
[Site "Barcelona ESP"]
[Date "2015.07.16"]
[Round "4.46"]
[White "Arce, Sebastian"]
[Black "Molina Tabernero, Jordi"]
[Result "1-0"]
[WhiteElo "1914"]
[BlackElo "1729"]
[PlyCount "103"]
[EventDate "2015.07.13"]
[EventType "swiss"]
[EventRounds "9"]
[EventCountry "ESP"]
[SourceTitle "Ajedrez en Madrid"]
[Source "lmi"]
[SourceDate "2015.07.13"]
[SourceVersion "1"]
[SourceVersionDate "2019.06.21"]
[SourceQuality "1"]

1. e4 d5 2. exd5 Qxd5 3. Nc3 Qa5 4. d4 c6 5. Be2 Bf5 6. Bf3 Qc7 7. Nge2 e6 8.
O-O Bd6 9. g3 Nf6 10. Re1 Nbd7 11. d5 Ne5 12. Bg2 Bg4 13. dxc6 bxc6 14. Nb5
cxb5 15. Bxa8 Nf3+ 16. Bxf3 Bxf3 17. Qd3 Bc6 18. Nd4 Qb7 19. Nxe6 fxe6 20.
Rxe6+ Be7 21. Re5 a6 22. Qd6 Bh1 23. Rxe7+ Qxe7 24. Qxe7+ Kxe7 25. Kxh1 Rd8 26.
Be3 Ng4 27. Bg5+ Nf6 28. Re1+ Kf7 29. Kg2 h6 30. Be3 Re8 31. Bd2 Rd8 32. Bb4
Nd5 33. Bc5 Rc8 34. b4 Rc7 35. f4 a5 36. a3 axb4 37. axb4 Nxb4 38. Bxb4 Rxc2+
39. Kh3 Rb2 40. Bd6 Kg6 41. Re7 b4 42. Be5 Re2 43. Rxg7+ Kf5 44. g4+ Ke4 45.
Re7 Re3+ 46. Kh4 Kd3 47. Bd6 Rxe7 48. Bxe7 b3 49. Bf6 Ke4 50. f5 Kf4 51. Kh5
Kf3 52. Bb2 1-0

[Event "17. Obert Int. Sant Marti 2015 - B"]
[Site "Barcelona ESP"]
[Date "2015.07.16"]
[Round "4.47"]
[White "Lopez Abaurrea, Eduard"]
[Black "Martin Sanchez, Antoni"]
[Result "1-0"]
[WhiteElo "1756"]
[BlackElo "1903"]
[PlyCount "57"]
[EventDate "2015.07.13"]
[EventType "swiss"]
[EventRounds "9"]
[EventCountry "ESP"]
[SourceTitle "Ajedrez en Madrid"]
[Source "lmi"]
[SourceDate "2015.07.13"]
[SourceVersion "1"]
[SourceVersionDate "2019.06.21"]
[SourceQuality "1"]

1. d4 d5 2. c4 c6 3. cxd5 cxd5 4. Nc3 Nf6 5. Nf3 Nc6 6. Bg5 e6 7. e3 Be7 8. a3
O-O 9. Qc2 Bd7 10. Bd3 h6 11. Bxf6 Bxf6 12. O-O a6 13. b4 Rc8 14. Qb3 Be7 15.
Na4 Na7 16. Nc5 Bc6 17. Ne5 Bxc5 18. Nxc6 Rxc6 19. bxc5 Qa8 20. a4 Rb8 21. Rfb1
Nc8 22. a5 Ne7 23. Rb2 Rc7 24. Rab1 g6 25. Qb6 Rc6 26. Qb4 Rc7 27. Bc2 Nc6 28.
Qb6 Re7 29. Qxc6 1-0

[Event "17. Obert Int. Sant Marti 2015 - B"]
[Site "Barcelona ESP"]
[Date "2015.07.16"]
[Round "4.48"]
[White "Torralba Brosa, Marc"]
[Black "Gracia Vila, Frederic"]
[Result "1-0"]
[WhiteElo "1900"]
[BlackElo "1727"]
[PlyCount "63"]
[EventDate "2015.07.13"]
[EventType "swiss"]
[EventRounds "9"]
[EventCountry "ESP"]
[SourceTitle "Ajedrez en Madrid"]
[Source "lmi"]
[SourceDate "2015.07.13"]
[SourceVersion "1"]
[SourceVersionDate "2019.06.21"]
[SourceQuality "1"]

1. e4 c5 2. d4 cxd4 3. c3 dxc3 4. Nxc3 d6 5. Nf3 Nc6 6. Bc4 Nf6 7. e5 dxe5 8.
Qxd8+ Kxd8 9. Ng5 Nd4 10. Nxf7+ Kc7 11. Nxh8 Nc2+ 12. Kd1 Nxa1 13. b3 Bf5 14.
Bb2 Nc2 15. Nf7 Nd4 16. Nxe5 Rd8 17. Nf7 Rd7 18. Kc1 g6 19. Rd1 Bg7 20. Rxd4
Rxd4 21. Nb5+ Kd7 22. Nxd4 Ke8 23. Nxf5 gxf5 24. Ng5 Bh6 25. f4 Ne4 26. Ne6 Kd7
27. g3 b5 28. Bd5 Kd6 29. Bxe4 fxe4 30. Nd4 Kc5 31. Kd2 Bg7 32. Ne6+ 1-0

[Event "17. Obert Int. Sant Marti 2015 - B"]
[Site "Barcelona ESP"]
[Date "2015.07.16"]
[Round "4.49"]
[White "Villa Cardenas, Jorge"]
[Black "Ferrer Ache, Jesus"]
[Result "1-0"]
[WhiteElo "1892"]
[BlackElo "1723"]
[PlyCount "99"]
[EventDate "2015.07.13"]
[EventType "swiss"]
[EventRounds "9"]
[EventCountry "ESP"]
[SourceTitle "Ajedrez en Madrid"]
[Source "lmi"]
[SourceDate "2015.07.13"]
[SourceVersion "1"]
[SourceVersionDate "2019.06.21"]
[SourceQuality "1"]

1. e4 e5 2. Nf3 d6 3. h3 Nc6 4. c3 Nf6 5. d3 Be7 6. Be2 h6 7. Qc2 d5 8. O-O a6
9. Nbd2 b5 10. c4 d4 11. cxb5 axb5 12. Qxc6+ Bd7 13. Qc2 c5 14. Nxe5 O-O 15.
Nxd7 Qxd7 16. Nf3 Qc7 17. Bd2 Bd6 18. Rfc1 Rfc8 19. a3 Nh5 20. Nxd4 Nf4 21.
Bxf4 Bxf4 22. Nxb5 Qe5 23. Nc3 Bxc1 24. Rxc1 Rab8 25. a4 Rb4 26. Qd2 Rcb8 27.
Rc2 Rd8 28. a5 Rdb8 29. Nd1 g5 30. a6 Rd8 31. Ne3 Rxe4 32. a7 Ra4 33. Ng4 Ra1+
34. Bf1 Qd6 35. Rc1 Rxa7 36. h4 f6 37. Nxh6+ Kf8 38. hxg5 Rh7 39. g6 Rh8 40.
g7+ Kxg7 41. Nf5+ Kg6 42. Nxd6 Rxd6 43. Rxc5 Rd7 44. d4 Rh4 45. d5 Rdh7 46.
Bd3+ f5 47. Rc6+ Kh5 48. Qe2+ Kg5 49. Qe3+ Kh5 50. Be2+ 1-0

[Event "17. Obert Int. Sant Marti 2015 - B"]
[Site "Barcelona ESP"]
[Date "2015.07.16"]
[Round "4.50"]
[White "Calbet Freixanet, Eduard"]
[Black "Olleta Tanya, Jordi"]
[Result "1-0"]
[WhiteElo "1890"]
[BlackElo "1720"]
[PlyCount "75"]
[EventDate "2015.07.13"]
[EventType "swiss"]
[EventRounds "9"]
[EventCountry "ESP"]
[SourceTitle "Ajedrez en Madrid"]
[Source "lmi"]
[SourceDate "2015.07.13"]
[SourceVersion "1"]
[SourceVersionDate "2019.06.21"]
[SourceQuality "1"]

1. d4 Nf6 2. c4 g6 3. Nc3 Bg7 4. e4 d6 5. f3 O-O 6. Be3 e5 7. Nge2 b6 8. g4 h5
9. gxh5 Nxh5 10. Ng3 Qh4 11. Bf2 Nxg3 12. Bxg3 Qg5 13. Bf2 exd4 14. Bxd4 Nc6
15. h4 Qg3+ 16. Bf2 Qe5 17. Qd2 f5 18. O-O-O f4 19. Nd5 Rf7 20. Be2 Be6 21.
Rdg1 Bxd5 22. cxd5 Ne7 23. Rg5 Qf6 24. Bf1 c5 25. Bh3 Bh6 26. Be6 Bxg5 27.
Bxf7+ Kxf7 28. hxg5 Qe5 29. Be1 b5 30. Qg2 b4 31. a3 a5 32. Qg4 Rb8 33. Rh7+
Kg8 34. Rh1 bxa3 35. Bc3 axb2+ 36. Kc2 b1=Q+ 37. Rxb1 Rxb1 38. Bxe5 1-0

[Event "17. Obert Int. Sant Marti 2015 - B"]
[Site "Barcelona ESP"]
[Date "2015.07.16"]
[Round "4.51"]
[White "Lopez Oliva, Victor"]
[Black "Muñoz Jordan, Carlos"]
[Result "0-1"]
[WhiteElo "1753"]
[BlackElo "1889"]
[PlyCount "88"]
[EventDate "2015.07.13"]
[EventType "swiss"]
[EventRounds "9"]
[EventCountry "ESP"]
[SourceTitle "Ajedrez en Madrid"]
[Source "lmi"]
[SourceDate "2015.07.13"]
[SourceVersion "1"]
[SourceVersionDate "2019.06.21"]
[SourceQuality "1"]

1. c4 Nf6 2. g3 g6 3. Bg2 Bg7 4. Nf3 O-O 5. Nc3 d6 6. O-O Nbd7 7. d3 a6 8. Be3
c5 9. a3 Rb8 10. b4 Ng4 11. Bd2 b6 12. h3 Nge5 13. Rb1 Bb7 14. Nd5 e6 15. Nxe5
Nxe5 16. Ne3 Bxg2 17. Kxg2 Nc6 18. b5 axb5 19. cxb5 Nd4 20. a4 Ra8 21. Bc3 Qd7
22. Nc4 Qc7 23. e3 Nf5 24. Bxg7 Kxg7 25. e4 Nd4 26. Ne3 Ra5 27. Ra1 Rfa8 28.
Nc4 R5a7 29. Ne3 f5 30. f3 Ra5 31. Nc4 R5a7 32. Ne3 Nxb5 33. Qb3 Nd4 34. Qd1
Qc6 35. Nc4 Rxa4 36. Rxa4 Rxa4 37. Nxb6 Ra2+ 38. Kg1 Qxb6 39. Rf2 Rxf2 40. Kxf2
Qb2+ 41. Kf1 Qh2 42. Qa4 Qe2+ 43. Kg1 Nxf3+ 44. Kh1 Qh2# 0-1

[Event "17. Obert Int. Sant Marti 2015 - B"]
[Site "Barcelona ESP"]
[Date "2015.07.16"]
[Round "4.52"]
[White "Martin Valentin, Manuel"]
[Black "Nin Serres, Pere"]
[Result "0-1"]
[WhiteElo "1750"]
[BlackElo "1877"]
[PlyCount "40"]
[EventDate "2015.07.13"]
[EventType "swiss"]
[EventRounds "9"]
[EventCountry "ESP"]
[SourceTitle "Ajedrez en Madrid"]
[Source "lmi"]
[SourceDate "2015.07.13"]
[SourceVersion "1"]
[SourceVersionDate "2019.06.21"]
[SourceQuality "1"]

1. e4 e6 2. d4 d5 3. Nc3 c5 4. exd5 exd5 5. dxc5 Be6 6. Be3 Nc6 7. Bb5 Nge7 8.
Bd4 a6 9. Ba4 Nf5 10. Nf3 Rc8 11. O-O Qa5 12. Re1 Bxc5 13. Qd3 Bxd4 14. Qxf5
Kd7 15. Rxe6 fxe6 16. Qf7+ Kd6 17. Bxc6 Bxc3 18. Qd7+ Kc5 19. Bxb7 Rc7 20. b4+
Bxb4 0-1